000 01009nam a2200265Ia 4500
003 OSt
005 20220923211220.0
006 a|||||r|||| 00| 0
007 ta
008 220922b |||||||| |||| 00| 0 hin d
020 _a9788126725786 (hbk)
_c695
024 _a284,862
037 _bBR8588, 30/03/2015, Rajkamal Prakashan Pvt. Ltd
_cTextual
040 _aARTS
_cARTS
_bhin
041 _2hin
_ahin
082 _aO152,6(Y15)x, Q4
100 _aडालमिया, वसुधा; संजीव कुमार
_9159791
245 0 _aबालाबोधिनी
246 _aBālābodhinī
260 _aनयी दिल्ली
_b राजकमल प्रकाशन
_c2014
300 _a351पृ.
_ccm.
650 _aहिन्दी साहित्य
_9156264
942 _hO152,6(Y15)x, Q4
_cTEXL
_2CC
999 _c297061
_d297061